| 000 | 00594na a2200229 4500 | ||
|---|---|---|---|
| 001 | 15270 | ||
| 003 | MIRAKIL | ||
| 005 | 20181213155145.0 | ||
| 008 | 161006b tu 000 0 | ||
| 035 | _a15270 | ||
| 040 |
_aMilas _btur _cTR-AnCHP |
||
| 082 |
_aCHP 324.2172 _bA49c 2000 |
||
| 090 | _aCHP 324.2172 A49c 2000 | ||
| 100 | _aAkyüz, Halil | ||
| 245 |
_aCHP'nin kısa tarihçesi _cHalil Akyüz |
||
| 260 |
_aAnkara _b[yay.y.] _c2000 |
||
| 300 |
_a16 s. _c19 sm. |
||
| 610 |
_aCHP _xTarih |
||
| 650 |
_aSiyasal partiler _xCHP _yTarih |
||
| 830 | _aCHP Yayınları | ||
| 942 |
_2dcc _cBKS |
||
| 999 |
_c7634 _d7634 |
||